| 000 | 00499nam a2200157Ia 4500 | ||
|---|---|---|---|
| 008 | 240729s9999 xx 000 0 und d | ||
| 022 | _a1804-0993 | ||
| 245 | 0 | _aTransactions of the VSÌŒB-Technical University of Ostrava, Mechanical Series | |
| 260 | _aCzechia | ||
| 260 | _bVSB-Technical University of Ostrava | ||
| 650 | _a Mechanical engineering and machinery | ||
| 650 | _aTechnology | ||
| 856 | _uhttps://doaj.org/toc/fb89aebed87343bfaa33b0809fdaa58a | ||
| 942 | _2ddc | ||
| 942 | _cDOAJEJ | ||
| 999 |
_c65963 _d65963 |
||
| 945 |
_a1 _bMadushi Gamage _c1 _dMadushi Gamage |
||